Peter Lindbergh : A Different Vision on Fashion Photography /

Guardat en:
Dades bibliogràfiques
Autor principal: Lindbergh, Peter (fotógrafo)
Altres autors: Loriot, Thierry-Maxime (edición y texto) (edición y texto)
Format: Llibre
Idioma:German
Publicat: Colonia, Alemania : Taschen, 2016, c2016
Matèries:
Etiquetes: Afegir etiqueta
Sense etiquetes, Sigues el primer a etiquetar aquest registre!

MARC

LEADER 00000nam^a2200000^a^4500
001 000406311
005 20250526000000.0
008 131120 20092009
009 20260526143752.148
020 |a 978-3-8365-5282-0 
037 |a Acervo ITESO - Biblioteca 
041 |a ALE 
082 |a 770. 942  |b LIN LOR 
100 |a Lindbergh, Peter  |e (fotógrafo) 
245 1 0 |a Peter Lindbergh :  |b A Different Vision on Fashion Photography /  |c Fotógrafo P. Lindbergh ; ed. y texto de T.M. Loriot ; tr. por Julia Heller, Philippe Mothe. 
264 4 |a Colonia, Alemania :  |b Taschen,  |c 2016, c2016 
300 |a 522 p. ;  |c 35.0 cm. (gran formato) 
336 |a texto  |b txt  |2 rdacontenido 
337 |a sin mediación  |b n  |2 rdamedio 
338 |a volumen  |b nc  |2 rdasoporte 
546 |a Edición trilingüe alemán-francés-inglés 
649 |a XX 
650 |a Fotógrafos Alemanes 
650 |a Artistas Alemanes 
650 |a Diseño de Moda -  |x Tema Principal 
650 |a Diseño de Moda -  |x Historia 
650 |a Moda -  |x Historia 
650 |a Fotografía de Moda -  |x Tema Principal 
650 |a Fotografía de Moda -  |x Historia y Crítica 
650 |a Fotografía Alemana -  |x Historia y Crítica 
650 |a Fotografía Alemana -  |y Siglo XX 
650 |a Fotografía Alemana -  |y Siglo XXI 
650 |a Arte Alemán -  |x Historia y Crítica 
650 |a Arte Alemán -  |y Siglo XX 
650 |a Arte Alemán -  |y Siglo XXI 
650 |a Lindbergh, Peter -  |x Tema Principal 
700 |a Loriot, Thierry-Maxime  |e (edición y texto) 
910 |a Fondo General 
920 |a Impresos - Libros 
930 |a Libros Antiguos y Raros 
905 |a 108 
901 |a 0500310949  |b IT2  |c LRA  |i C156522  |u 20250526 
902 |a https://opac.biblio.iteso.mx/vufind/Record/000406311